Fluid mechanics

Guardat en:
Dades bibliogràfiques
Autor principal: Kundu, Pijush K.
Format: Llibre
Idioma:Undetermined
Publicat: Amsterdam Academic Press 2008
Matèries:
Etiquetes: Afegir etiqueta
Sense etiquetes, Sigues el primer a etiquetar aquest registre!
Thư viện lưu trữ: Trung tâm Học liệu Trường Đại học Cần Thơ
LEADER 00577nam a2200193Ia 4500
001 CTU_151630
008 210402s9999 xx 000 0 und d
020 |c 1457000 VND 
082 |a 620.106 
082 |b K95 
100 |a Kundu, Pijush K. 
245 0 |a Fluid mechanics 
245 0 |c Pijush K. Kundu, Ira M. Cohen ; With contributions by P. S. Ayyaswamy, H. H. Hu 
260 |a Amsterdam 
260 |b Academic Press 
260 |c 2008 
650 |a Fluid mechanics,Cơ học chất lỏng 
904 |i QHieu 
980 |a Trung tâm Học liệu Trường Đại học Cần Thơ